Statistiques concernant Matches de l'équipe de France de football (2020 - ...).

Cliquez ici pour prendre le quiz!

Statistiques générales

  • Ce quiz a été pris 6 442 fois
    (1 519 depuis la dernière actualisation)
  • Le résultat moyen est 20 sur 29

Statistiques - réponses

Matches% Correct
2Allemagne
95%
1Argentine
95%
1Angleterre
92%
1Espagne
92%
1Maroc
90%
2Pays-Bas
89%
3Portugal
89%
1Suisse
87%
3Danemark
86%
1Belgique
84%
2Gibraltar
84%
1Pologne
83%
1Australie
82%
1Tunisie
80%
4Croatie
74%
2Irlande
73%
1Grèce
70%
2Suède
63%
1Hongrie
59%
3Ukraine
58%
2Autriche
56%
1Ecosse
54%
3Finlande
51%
2Kazakhstan
35%
1Pays de Galles
31%
1Bulgarie
30%
2Bosnie-Herzégovine
28%
1Afrique du Sud
27%
1Côte d'Ivoire
25%

Distribution des résultats

Percentile par nombre de réponses

% des personnes avec chaque résultat

Votre développement - résultats

Vous n’avez pas pris ce quiz depuis la dernière actualisation